000 00439nam a2200133 a 4500
001 000007985
005 20200929154359.0
008 090914s1987 dr a 000 0 spa d
040 _aDO-SdBNP
_bspa
_cBNPHU
245 0 0 _aDominican Republic :
_binvestors handbook and business guide 1986-87.
260 _aSanto Domingo, :
_bAmerican chamber of commerce of the dominican republic,
_c[1987].
300 _a334 p. :
_bil. ;
_c23 cm.
049 _aBNPD
999 _c7762
_d7762